skbl

Dr Suryya Kumar Bhuyan Library Web-OPAC
ডঃ সূৰ্য্য
কুমাৰ ভূঞা পুথিভঁৰাল ৱেব-অ'পেক

All Research Scholars are advised to clear the annual library fees to continue using Library Resources, Remote Access, Plagiarism Test and Library Clearance.

Cotton University Book Fair 2026

Man and Spirit: The Speculative Philosophers / (Record no. 2380)

MARC details
000 -LEADER
fixed length control field 00589nam a2200193Ia 4500
001 - CONTROL NUMBER
control field 2387
008 - FIXED-LENGTH DATA ELEMENTS--GENERAL INFORMATION
fixed length control field 201218s ii a g b000 u 465 u
082 ## - DEWEY DECIMAL CLASSIFICATION NUMBER
Classification number 100
-- 181.4
100 ## - MAIN ENTRY--PERSONAL NAME
Personal name Commins, Saxe .
245 #0 - TITLE STATEMENT
Title Man and Spirit: The Speculative Philosophers /
Statement of responsibility, etc. Saxe Commins and Robert N. Linscott.
Medium Textual Documents
250 ## - EDITION STATEMENT
Edition statement 1st ed. /
260 ## - PUBLICATION, DISTRIBUTION, ETC.
Place of publication, distribution, etc. New York :
Name of publisher, distributor, etc. Random house ,
Date of publication, distribution, etc. Nd.
300 ## - PHYSICAL DESCRIPTION
Extent 557p. :
Other physical details ill ;
Dimensions 19cm .
653 ## - INDEX TERM--UNCONTROLLED
Uncontrolled term Philosophy-Man and Spirit
653 ## - INDEX TERM--UNCONTROLLED
Uncontrolled term Speculative Philosophers
653 ## - INDEX TERM--UNCONTROLLED
Uncontrolled term G-Philosophy
700 ## - ADDED ENTRY--PERSONAL NAME
Personal name Linscott, Robert N. .
942 ## - ADDED ENTRY ELEMENTS (KOHA)
Source of classification or shelving scheme Dewey Decimal Classification
Koha item type Books
Holdings
Withdrawn status Lost status Damaged status Not for loan Home library Current library Shelving location Date acquired Coded location qualifier Total checkouts Full call number Barcode Date last seen Copy number Price effective from Koha item type
        Dr. Suryya Kumar Bhuyan Library Dr. Suryya Kumar Bhuyan Library   01/02/2012 00000   100 C 735 Ma 612.2951 13/01/2024 4 01/02/2012 Books
        Dr. Suryya Kumar Bhuyan Library Dr. Suryya Kumar Bhuyan Library   01/02/2012 00000   100 C 735 Ma 2220/cu 13/01/2024 5 01/02/2012 Books
      Not for loan Dr. Suryya Kumar Bhuyan Library Dr. Suryya Kumar Bhuyan Library   01/02/2012 00000   100 C 735 Ma 27/Ra 13/01/2024 1 01/02/2012 Books
        Dr. Suryya Kumar Bhuyan Library Dr. Suryya Kumar Bhuyan Library   01/02/2012 00000   100 C 735 Ma 46003 13/01/2024 3 01/02/2012 Books
        Dr. Suryya Kumar Bhuyan Library Dr. Suryya Kumar Bhuyan Library   01/02/2012 00000   100 C 735 Ma 612.295 13/01/2024 2 01/02/2012 Books

Designed and Maintained by Team SKBL
©1901-2026

Powered by Koha